000 01039nam a2200265Ia 4500
003 OSt
005 20221028234231.0
006 a|||||r|||| 00| 0
007 ta
008 220915b |||||||| |||| 00| 0 eng d
024 _a42789
037 _cTextbook
040 _beng
_aARTS
_cARTS
041 _aeng
082 _aO15,1D40,3, K6
100 _aकालिदास; मिश्र,
245 0 _aमेघदूतम्, सम्प रामेश्वरप्रसाद मिश्र
246 _aMeghadūtam, sampa rāmeshvaraprasād mishra
260 _aमध्य
_bप्रदेश संस्कृत विश्व परिषद भारत
_c1966
300 _a144पृ0
_ccm.
650 _aहिन्दी साहित्य
700 _aरामेश्वरप्रसाद, सम्प
942 _hO15,1D40,3, K6
_cTB
_2CC
999 _c100943
_d100943